The Best Lord Of The Rings Quiz - Statistics

General Stats
  • This quiz has been taken 46 times
  • The average score is 8 of 10
Answer Stats
Question Answer % Correct
4) How Many Towers Of The Teeth Are There? 2
100%
7) Who Is Isldur's Heir? Aragorn
95%
10) What Colour Is The Door At Bag End? Green
92%
1) How Many Rings Of Power Are There In Total? 20
85%
9) And Who Marries The Character Above? Faramir
85%
8) Who Slays The Witch-King At The Pellennor Fields? Eowyn
79%
6) What Village In The Shire Do Frodo And Sam Live In? Hobbiton
79%
2) What Is The Name Of The Inn In Bree? The Prancing Pony
77%
5) What Is The Name Of Gandalf's Horse? Shadowfax
74%
3) And What Is The Name Of The Barman In That Inn? Barliman Butterbur
33%
No matching quizzes found
Score Distribution
Percent of People with Each Score
Percentile by Number Answered
Your Score History
You have not taken this quiz